Sports Quiz

Random Sports or MLB Quiz

Cubs All-Star Home Runs Quiz Stats

 Plays Quiz not verified by Sporcle

Score 0/9 Timer 05:00
0 Plays Today
Year Player % Correct
2016Kris Bryant
93.1%
1960Ernie Banks
90.3%
1964Billy Williams
75.6%
1991Andre Dawson
73.3%
2018Willson Contreras
70.4%
2007Alfonso Soriano
65.3%
1952Hank Sauer
39.2%
1961George Altman
14.2%
1936Augie Galan
8.5%

You're not logged in!

Compare scores with friends on all Sporcle quizzes.
OR
Log In

Sporcle TV

Today on Sporcle TV


Watch our educational content, quiz creation guides, and fun videos on Sporcle TV.

Show Comments

Extras

Top Quizzes Today


Score Distribution

Your Account Isn't Verified!

In order to create a playlist on Sporcle, you need to verify the email address you used during registration. Go to your Sporcle Settings to finish the process.

Report this User

Report this user for behavior that violates our Community Guidelines.

Details: